[Event "AUS-ch Minor"]
[Site "Cammeray"]
[Date "2010.01.06"]
[Round "4"]
[White "Zhang, Daniel"]
[Black "Wilkie, Mary"]
[Result "0-1"]
[WhiteElo "1422"]
[BlackElo "1148"]
[PlyCount "48"]
[EventDate "2010.01.02"]
[EventType "swiss"]
[EventRounds "11"]
[EventCountry "AUS"]
[SourceTitle "EXT 2011"]
[Source "ChessBase"]
[SourceDate "2010.11.26"]
[SourceVersion "1"]
[SourceVersionDate "2010.11.26"]
[SourceQuality "1"]

1. e4 e5 2. f4 d5 3. exd5 e4 4. Nc3 Nf6 5. Bc4 Bd6 6. d3 Bg4 7. Nge2 exd3 8. Qxd3 0-0 9. Bd2 Re8 10. 0-0-0 Nbd7 11. h3 Nc5 12. Qd4 Bxe2 13. Nxe2 Nce4 14. Rde1 Bc5 15. Qd3 Nf2 16. Qb3 Nxh1 17. Rxh1 Ne4 18. Be1 b6 19. Nc3 Be3+ 20. Kb1 Nc5 21. Qa3 Bxf4 22. Na4 Bd6 23. Nxc5 Bxc5 24. Bd2 Bxa3 0-1

[Event "AUS-ch U12"]
[Site "Adelaide"]
[Date "2009.01.08"]
[Round "7"]
[White "Zhang, Daniel"]
[Black "Gray, Callum James"]
[Result "1/2-1/2"]
[WhiteElo "763"]
[BlackElo "1081"]
[PlyCount "115"]
[EventDate "2009.01.02"]
[EventType "swiss"]
[EventRounds "11"]
[EventCountry "AUS"]
[SourceTitle "CBM 128 Extra"]
[Source "ChessBase"]
[SourceDate "2009.03.05"]
[SourceVersion "2"]
[SourceVersionDate "2009.03.25"]
[SourceQuality "1"]

1. e4 e5 2. Nf3 Nc6 3. Bc4 Bc5 4. b4 Bxb4 5. c3 Ba5 6. d4 exd4 7. 0-0 Nge7 8. cxd4 d5 9. exd5 Nxd5 10. Nbd2 0-0 11. Qb3 Nb6 12. Bd3 Nxd4 13. Bxh7+ Kh8 14. Nxd4 Qxd4 15. Ba3 Be6 16. Qc2 Rfc8 17. Nf3 Qc3 18. Bb2 Qxc2 19. Bxc2 Re8 20. Nd4 Rad8 21. Nxe6 Rxe6 22. Bb3 Re2 23. Bc1 f6 24. Bf4 c6 25. Rfd1 Rxd1+ 26. Rxd1 Re1+ 27. Rxe1 Bxe1 28. Kf1 Bc3 29. Ke2 Kh7 30. Kd3 Ba1 31. Be3 Kg6 32. Be6 Be5 33. Bxb6 axb6 34. Bc8 Bxh2 35. g3 Kg5 36. Ke3 c5 37. Bxb7 Kg4 38. Bc8+ f5 39. a4 Bg1 40. Ke2 c4 41. Be6 c3 42. Bb3 Bh2 43. Bc2 f4 44. gxf4 Bxf4 45. f3+ Kg3 46. Be4 Bd2 47. Kd3 Kf4 48. Ke2 g5 49. Bc2 Ke5 50. Kd3 Kf4 51. Ke2 g4 52. fxg4 Kxg4 53. Kd3 Kf3 54. Kc4 Ke2 55. Kb5 Be3 56. a5 bxa5 57. Kxa5 Kd2 58. Bf5 1/2-1/2

[Event "AUS-ch U12"]
[Site "Adelaide"]
[Date "2009.01.04"]
[Round "4"]
[White "Mason, Stuart"]
[Black "Zhang, Daniel"]
[Result "1-0"]
[WhiteElo "1068"]
[BlackElo "763"]
[PlyCount "57"]
[EventDate "2009.01.02"]
[EventType "swiss"]
[EventRounds "11"]
[EventCountry "AUS"]
[SourceTitle "CBM 128 Extra"]
[Source "ChessBase"]
[SourceDate "2009.03.05"]
[SourceVersion "2"]
[SourceVersionDate "2009.03.25"]
[SourceQuality "1"]

1. e4 c5 2. Nf3 d6 3. d4 cxd4 4. Nxd4 Nf6 5. Bc4 a6 6. Nc3 b5 7. Bd5 Nxd5 8. Nxd5 Bb7 9. Qf3 e6 10. Nc3 Be7 11. Be3 Nd7 12. 0-0 Nf6 13. a3 e5 14. Nf5 g6 15. Ng3 d5 16. exd5 Nxd5 17. Rad1 0-0 18. Nxd5 Bxd5 19. Rxd5 Qc7 20. c3 f5 21. Bc1 e4 22. Qf4 Qc6 23. Rfd1 Rad8 24. Rxd8 Rxd8 25. Rxd8+ Bxd8 26. Qb8 Qd7 27. Bg5 Qd1+ 28. Nf1 Kf7 29. Qxd8 1-0

[Event "AUS-ch U12"]
[Site "Canberra"]
[Date "2007.01.26"]
[Round "11"]
[White "Nguyen, Peter"]
[Black "Zhang, Daniel"]
[Result "0-1"]
[WhiteElo "741"]
[BlackElo "558"]
[PlyCount "62"]
[EventDate "2007.01.14"]
[EventType "swiss"]
[EventRounds "11"]
[EventCountry "AUS"]
[SourceTitle "EXT 2008"]
[Source "ChessBase"]
[SourceDate "2007.11.25"]
[SourceVersion "1"]
[SourceVersionDate "2007.11.25"]
[SourceQuality "1"]

1. e4 e5 2. Nf3 Nc6 3. Bc4 Bc5 4. Nc3 d6 5. h3 Be6 6. Bb3 Nf6 7. d3 h6 8. 0-0 0-0 9. Ne2 Nh7 10. c3 Bxb3 11. axb3 Qd7 12. Ng3 d5 13. Be3 Bxe3 14. fxe3 d4 15. Qd2 a6 16. Rfd1 Rad8 17. Ne2 dxc3 18. bxc3 f5 19. exf5 Qxf5 20. e4 Qf7 21. Qc2 Rd6 22. d4 exd4 23. cxd4 Rg6 24. Qc4 Qxc4 25. bxc4 Rxf3 26. Kh2 Rf2 27. Ng3 Nf8 28. Kg1 Rc2 29. Kh2 Rxc4 30. d5 Ne5 31. Nf5 Kh7 0-1

[Event "AUS-ch U12"]
[Site "Canberra"]
[Date "2007.01.22"]
[Round "8"]
[White "Gruen, Angus"]
[Black "Zhang, Daniel"]
[Result "1-0"]
[WhiteElo "918"]
[BlackElo "558"]
[PlyCount "41"]
[EventDate "2007.01.14"]
[EventType "swiss"]
[EventRounds "11"]
[EventCountry "AUS"]
[SourceTitle "EXT 2008"]
[Source "ChessBase"]
[SourceDate "2007.11.25"]
[SourceVersion "1"]
[SourceVersionDate "2007.11.25"]
[SourceQuality "1"]

1. e4 e5 2. Nf3 Nc6 3. d4 exd4 4. Nxd4 Bc5 5. Nxc6 bxc6 6. Be2 Nf6 7. 0-0 Nxe4 8. Bf4 0-0 9. Bd3 Nf6 10. Be5 d6 11. Bxf6 Qxf6 12. Nc3 Bb7 13. Ne4 Qe5 14. Re1 Bb6 15. Nc3 Qg5 16. Ne4 Qf4 17. Qh5 Rfe8 18. Nf6+ Kf8 19. Nxh7+ Kg8 20. Nf6+ Kf8 21. Qh8# 1-0